| 000 | 00000nam##2200000za#4500 |
| 001 | 9.573884 |
| 003 | CaOODSP |
| 005 | 20210624183920 |
| 007 | cr ||||||||||| |
| 008 | 150406|1995||||xxc|||||o f|0| 0 eng|d |
| 022 | |a1488-5379 |
| 040 | |aCaOODSP|beng |
| 043 | |an-cn--- |
| 086 | 1 |aFs97-6/2027E-PDF |
| 110 | 1 |aCanada. |bDepartment of Fisheries and Oceans. |bNewfoundland and Labrador Region. |
| 245 | 12|aA study of cod/flatfish separation in otter trawls with the use of rigid grates / |h[electronic resource]|cby W.M. Hickey, G. Brothers, and D.L. Boulos. |
| 260 | |aSt. John's - Newfoundland and Labrador : |bFisheries and Oceans Canada. |cMarch 1995. |
| 300 | |a44p.|bfigs., graphs, map, references, tables |
| 490 | 1 |aCanadian technical report of fisheries and aquatic sciences|x1488-5379|vNo. 2027 |
| 500 | |aThe catalogue number (Fs97-6/2027E) and ISSN (0706-6457) for the print edition have been incorrectly copied in this electronic publication. |
| 546 | |a(Résumé en français) |
| 590 | |a12-22-Supp|b2012-05-24 |
| 720 | 1 |aBrothers, G. |
| 720 | 1 |aHickey, W. M. |
| 720 | 1 |aBoulos, D. L. |
| 776 | 0#|tA study of cod/flatfish separation in otter trawls with the use of rigid grates / |w(CaOODSP)9.612245 |
| 830 | #0|aCanadian technical report of fisheries and aquatic sciences,|x1488-5379|vNo. 2027|w(CaOODSP)9.504449 |
| 856 | 40|ahttp://publications.gc.ca|qPDF|s1.72 MB|uhttps://publications.gc.ca/collections/collection_2012/mpo-dfo/Fs97-6-2027-eng.pdf|yNo. 2027 |